La metodología de la economía o cómo explican los economistas (Registro nro. 4269)
[ vista simple ]
| 000 -LEADER | |
|---|---|
| fixed length control field | 01754 a2200241 4500 |
| 001 - CONTROL NUMBER | |
| control field | 47004 |
| 005 - DATE AND TIME OF LATEST TRANSACTION | |
| control field | 20260407155739.0 |
| 008 - FIXED-LENGTH DATA ELEMENTS--GENERAL INFORMATION | |
| fixed length control field | 260407a1985 arg spa d |
| 003 - CONTROL NUMBER IDENTIFIER | |
| control field | AR-UNSa-BCEJYS |
| 040 ## - CATALOGING SOURCE | |
| Original cataloging agency | AR-UNSa-BCEJYS |
| Language of cataloging | spa |
| Transcribing agency | AR-UNSa-BCEJYS |
| 080 ## - UNIVERSAL DECIMAL CLASSIFICATION NUMBER | |
| Universal Decimal Classification number | 330 |
| Common auxiliary subdivision | Economía en general |
| 020 ## - INTERNATIONAL STANDARD BOOK NUMBER | |
| International Standard Book Number | 978-84-206-2424-2 |
| 041 ## - LANGUAGE CODE | |
| Language code of text/sound track or separate title | spa |
| 100 1# - MAIN ENTRY--PERSONAL NAME | |
| Personal name | Blaug, Mark |
| 245 10 - TITLE STATEMENT | |
| Title | La metodología de la economía o cómo explican los economistas |
| 264 #1 - PRODUCTION, PUBLICATION, DISTRIBUTION, MANUFACTURE, AND COPYRIGHT NOTICE | |
| Place of production, publication, distribution, manufacture | Madrid : |
| Name of producer, publisher, distributor, manufacturer | Alianza Editorial |
| Date of production, publication, distribution, manufacture, or copyright notice | 1985 |
| 300 ## - PHYSICAL DESCRIPTION | |
| Extent | 326 p. |
| Dimensions | 20 cm. |
| 505 ## - FORMATTED CONTENTS NOTE | |
| Formatted contents note | Parte I: Lo que usted siempre quiso saber, y nunca se atrevió a preguntar, sobre la filosofía de la ciencia: 1. De las ideas recibidas a las de Popper - 2. De Popper a la nueva heterodoxia -- Parte II: Historia de la metodología económica: 3. Los verificacionistas: una historia del siglo XX en gran parte - 4. Los falsacionistas: una historia totalmente del siglo XX - 5. La distinción entre economía positiva y economía normativa -- Parte III: Evaluación metodológica del programa de investigación neo-clásico: 6. La teoría del comportamiento del consumidor - 7. La teoría de la empresa - 8. La teoría del equilibrio general - 9. La teoría de la productividad marginal - 10. El retorno de las técnicas y todo eso - 11. La teoría Heckscher-Ohlin del comercio internacional - 12. Keynesianos <versus> monetaristas - 13. La teoría del capital humano - 14. La nueva economía de la familia -- Parte IV: ¿Qué es lo que hemos aprendido hasta aquí sobre la economía? - 15. Conclusiones. |
| 590 ## - LOCAL NOTE (RLIN) | |
| Local note | niveau_biblio:m niveau_hierar:0 |
| 700 1# - ADDED ENTRY--PERSONAL NAME | |
| Personal name | Martínez Pujana, Ana |
| 856 41 - ELECTRONIC LOCATION AND ACCESS | |
| Uniform Resource Identifier | <a href="https://www.biblioeco.unsa.edu.ar/pmb/images/libros/L127370.jpg">https://www.biblioeco.unsa.edu.ar/pmb/images/libros/L127370.jpg</a> |
| Link text | Imagen de portada |
| Electronic format type | image/jpeg |
| 942 ## - ADDED ENTRY ELEMENTS (KOHA) | |
| Koha item type | |
| Withdrawn status | Lost status | Damaged status | Not for loan | Home library | Current library | Shelving location | Date acquired | Total checkouts | Full call number | Barcode | Date last seen | Price effective from | Koha item type |
|---|---|---|---|---|---|---|---|---|---|---|---|---|---|
| Biblioteca Prof. Eusebio Cleto del Rey | Biblioteca Prof. Eusebio Cleto del Rey | 07/04/2026 | 330 B645 | L127370 | 07/04/2026 | 07/04/2026 | Libro |